000 00691nam a2200205Ia 4500
008 140429s9999 xx 000 0 und d
020 _a9781598639957
050 _aTR 267
_b.W44 2010
100 _aWeinrebe, Steve
245 _aIrreverent photo tools for digital photographers /
_cSteve Weinrebe.
260 _aMassachusetts :
_bCourse Technology Cengage learning,
_cc2010.
300 _a285 p. :
_bcol. ill. ;
_c24 cm.
500 _aIncludes index.
521 _aMA
650 _aDigital cameras
_xEquipment and supplies.
650 _aPhotography
_xDigital techniques --Equipment and supplies.
650 _aPhotography
_xDigital techniques.
942 _kFOR
_cBK
999 _c115705
_d115705